LEADER 01390nam a2200301 u 4500 001 000000037687 003 CaOOAMICUS 005 20070226113807.0 008 980415s1935 fr u000 u fre u 035 $a10790409 040 $aPUL(R)$bita 041 1 $afre$hpol 110 1 $aPolonia.$0(OLS)http://pul/name/28251 240 10$aLeggi, ecc.$9(Polonia).$lFrancese.$0(OLS)http://pul/title/51263 245 10$aCode des obligations de la république de Pologne /$ctraduit par Stefan Sieczkowski et Jean Wasikowski ; avec la collaboration de Henri Mazeaud ... ; préface de M. Henri Capitant .. 260 $aParis :$blibrairie du recueil Sirey,$c1935. 300 $axx, 188 p. ;$c23 cm 500 $aContiene indici. 650 4$aDiritto civile$zPolonia.$0(OLS)http://pul/subject/5470 700 1 $aSieczkowski, Stefan.$0(OLS)http://pul/name/28252 700 1 $aCapitant, Henri,$dn. 1865.$0(OLS)http://pul/name/28255 700 1 $aMazeaud, Henri Leon.$0(OLS)http://pul/name/28254 700 1 $aWasilkowski, Jean.$0(OLS)http://pul/name/28253 850 $aPUL 852 $aPUL$W1$xDP2 Diritto e Scienze Sociali 1$y65$m170 A 21$j51492$nBK-PRI$qStampati$B51492$CPULBib$Z2$F51492 $82 941 1 $a8 996 $6245$aCode des obligations de la république de Pologne$9(OLS)http://pul/title/51264 996 $6260$aParis :$blibrairie du recueil Sirey$9(OLS)http://pul/publisher/63414 LEADER 01827nam a2200349 a 4500 001 000000120451 003 CaOOAMICUS 005 20100302105443.0 008 100302t2009 it o u000 u ita r 020 $a978-88-10-14052-9 040 $aPUL$bita$dReb 041 0 $aita$aeng$afre 110 2 $aConsilium conferentiarum episcoporum Europae.$0(OLS)http://pul/name/95018 245 13$aLa famiglia: un bene per l'umanità =$bThe family: a good for humanity /$cConsilium Conferentiarum Episcoporum Europae (CCEE) ; Atti del I Forum Europeo Cattolico-Ortodosso Trento, Italia, 11-14 dicembre 2008. 260 $aBologna :$bEDB,$c©2009. 300 $a247 p. :$bfotog. ;$c21 cm 490 1 $aOggi e domani.$aSerie II ;$v65 504 $aInclude riferimenti bibliografiaci ed indice. 546 $aTesto in italiano con traduzione inglese e contributi in francese. 650 4$aFamiglia$xCongressi.$0(OLS)http://pul/subject/15540 650 4$aEcumenismo$xCongressi.$0(OLS)http://pul/subject/2772 711 2 $aForum Cattolico-Ortodosso $n1 ($d2008 :$cTrento, Italia).$0(OLS)http://pul/name/75346 830 0$aOggi e domani.$nSerie II ;$v65.$0(OLS)http://pul/title/47649 850 $aPUL 852 $aPUL$W1$xSL Religione 3$y85$m261. 8 CCEEU 1$j138067$qDDC 21$B137264$CPULBib$Z2$F137264 $H112865 $82 910 $aConsiglio delle conferenze episcopali d'Europa$995018 910 $aConseil des conférences épiscopales européennes (CCEE)$995018 910 $aCCEE (Consilium conferentiarum episcoporum Europae)$995018 941 1 $a9 996 $6020$a978-88-10-14052-9$9(OLS)http://pul/number/143477 996 $6245$aLa famiglia: un bene per l'umanità =$bThe family: a good for humanity$9(OLS)http://pul/title/151494 996 $6260$aBologna :$bEDB$9(OLS)http://pul/publisher/56073